MARC details
| 000 -CABECERA |
| campo de control de longitud fija |
00982nam a2200265 a 4500 |
| 001 - NÚMERO DE CONTROL |
| campo de control |
000014938 |
| 005 - FECHA Y HORA DE LA ÚLTIMA TRANSACCIÓN |
| campo de control |
20200929163928.0 |
| 008 - DATOS DE LONGITUD FIJA--INFORMACIÓN GENERAL |
| campo de control de longitud fija |
100127s2005 dr 000 0 spa d |
| 020 ## - NÚMERO INTERNACIONAL ESTÁNDAR DEL LIBRO |
| Número Internacional Estándar del Libro |
9993477737 |
| 040 ## - FUENTE DE LA CATALOGACIÓN |
| Centro catalogador/agencia de origen |
DO-SdBNP |
| Lengua de catalogación |
spa |
| Centro/agencia transcriptor |
BNPHU |
| 082 ## - NÚMERO DE LA CLASIFICACIÓN DECIMAL DEWEY |
| Número de clasificación |
xxx |
| Número de documento/Ítem |
G993a |
| 049 ## - FONDOS LOCALES (OCLC) |
| Fondos de biblioteca |
En proceso |
| 100 1# - ENTRADA PRINCIPAL--NOMBRE DE PERSONA |
| Nombre de persona |
Guzmán Fernández, Francisco R. |
| Fechas asociadas al nombre |
1977- |
| 9 (RLIN) |
33810 |
| 245 10 - MENCIÓN DE TÍTULO |
| Título |
Arte, modernidad y humanismo / |
| Mención de responsabilidad, etc. |
Francisco R. Guzmán Fernández;Prólogo Jesús Tellerías Castillo. |
| 260 ## - PUBLICACIÓN, DISTRIBUCIÓN, ETC. |
| Lugar de publicación, distribución, etc. |
Santo Domingo : |
| Nombre del editor, distribuidor, etc. |
Universitaria, |
| Fecha de publicación, distribución, etc. |
2005. |
| 300 ## - DESCRIPCIÓN FÍSICA |
| Extensión |
100 p. ; |
| Dimensiones |
21 cm. |
| 490 1# - MENCIÓN DE SERIE |
| Mención de serie |
Universidad Autónoma de Santo Domingo |
| Designación de volumen o secuencia |
1118 |
| 490 1# - MENCIÓN DE SERIE |
| Mención de serie |
Cultura y Sociedad |
| Designación de volumen o secuencia |
11 |
| 504 ## - NOTA DE BIBLIOGRAFÍA, ETC. |
| Nota de bibliografía, etc. |
Incluye referencias bibliográficas (p.97-100) |
| 500 ## - NOTA GENERAL |
| Nota general |
Incluye datos biográficos del autor en la contracubierta |
| 590 ## - NOTA LOCAL (RLIN) |
| Nota local |
Inventariado, 2018/VM |
| 700 1# - PUNTO DE ACCESO ADICIONAL--NOMBRE DE PERSONA |
| Nombre de persona |
Tallerías Castillo, Jesús |
| 9 (RLIN) |
33811 |
| 830 #0 - PUNTO DE ACCESO ADICIONAL DE SERIE-TÍTULO UNIFORME |
| Título uniforme |
Universidad Autónoma de Santo Domingo |
| Designación de volumen o secuencia |
1118 |
| 9 (RLIN) |
17164 |
| 830 #0 - PUNTO DE ACCESO ADICIONAL DE SERIE-TÍTULO UNIFORME |
| Título uniforme |
Cultura y Sociedad |
| Designación de volumen o secuencia |
11 |
| 9 (RLIN) |
53 |